000 00465nam a2200157Ia 4500
008 210210b1993 xxu||||| |||| 00| 0 eng d
020 _a81 224 0523 1
082 _a530 GAMF
100 _aGAMBHIR (R S) & others.
245 _aFoundations of physics. V2 (Electromagnetics, optics & modern physics).
260 _aND
_bWiley Eastern Ltd.
_c1993
300 _aix,278
650 _aElectromagnetics optics modern physics
690 _aPhysics
906 _a052222
999 _c100324
_d100324